Representativeness Heuristics: <A> Literature Review of Its Impacts on the Quality of

Identifikácia a vyhodnotenie vplyvu predsudkov spojených s reprezentatívnou heuristikou na kvalitu ekonomického rozhodovania. Systematická revízia literatúry a analýza empirických štúdií.

Enregistré dans:
Détails bibliographiques
Auteur principal: Bílek, Jan
Autres auteurs: Nedoma, J., Jirásek, Michal
Format: Chapitre de livre
Langue:anglais
Sujets:
Tags: Ajouter un tag
Pas de tags, Soyez le premier à ajouter un tag!

MARC

LEADER 00000naa a2200000 4500
001 0249749
005 20190109102547.9
041 0 |a eng 
044 |a CZ 
245 1 0 |a Representativeness Heuristics: <A> Literature Review of Its Impacts on the Quality of  |c Jan Bílek, J. Nedoma, Michal Jirásek 
520 |a Identifikácia a vyhodnotenie vplyvu predsudkov spojených s reprezentatívnou heuristikou na kvalitu ekonomického rozhodovania. Systematická revízia literatúry a analýza empirických štúdií. 
610 2 0 |a heuristika 
610 2 0 |a teórie ekonomické 
610 2 0 |a rozhodovanie 
610 2 0 |a rozhodovanie podnikové 
610 2 0 |a procesy rozhodovacie 
610 2 0 |a manažment 
100 1 |a Bílek, Jan 
700 1 |a Nedoma, J. 
700 1 |a Jirásek, Michal